<?xml version="1.0" encoding="UTF-8"?>
<collection xmlns="http://www.loc.gov/MARC21/slim">
 <record>
  <leader>00806nam a22002295a 4500</leader>
  <controlfield tag="001">EEA.libagro005363</controlfield>
  <controlfield tag="005">20180704120313.0</controlfield>
  <controlfield tag="008">130809s1988####ag#a##########000#0#spa#d</controlfield>
  <datafield tag="082" ind1="0" ind2="4">
   <subfield code="a">553.7809145</subfield>
  </datafield>
  <datafield tag="082" ind1="0" ind2="4">
   <subfield code="a">333.9100914508224</subfield>
  </datafield>
  <datafield tag="100" ind1="1" ind2=" ">
   <subfield code="a">Zapata, Carlos.</subfield>
  </datafield>
  <datafield tag="245" ind1="1" ind2="0">
   <subfield code="a">Hidrología en áreas de llanuras :</subfield>
   <subfield code="b">aspectos físico-dinámicos del área de influencia &quot;Estero de la Serpiente&quot; /</subfield>
   <subfield code="c">Carlos Zapata, José Antonio Villordo, Luis P. Fabiano.</subfield>
  </datafield>
  <datafield tag="300" ind1=" " ind2=" ">
   <subfield code="a">32 h. :</subfield>
   <subfield code="b">ilus. ;</subfield>
   <subfield code="c">30 cm..</subfield>
  </datafield>
  <datafield tag="505" ind1="8" ind2=" ">
   <subfield code="a">Contiene 6 planos fuera de texto</subfield>
  </datafield>
  <datafield tag="653" ind1=" " ind2=" ">
   <subfield code="a">Argentina</subfield>
  </datafield>
  <datafield tag="653" ind1=" " ind2=" ">
   <subfield code="a">Agua superficial</subfield>
  </datafield>
  <datafield tag="653" ind1=" " ind2=" ">
   <subfield code="a">Recursos hidricos</subfield>
  </datafield>
  <datafield tag="653" ind1=" " ind2=" ">
   <subfield code="a">Hidrografia</subfield>
  </datafield>
  <datafield tag="653" ind1=" " ind2=" ">
   <subfield code="a">Uso del agua</subfield>
  </datafield>
  <datafield tag="700" ind1="1" ind2=" ">
   <subfield code="a">Villordo, José Antonio.</subfield>
  </datafield>
  <datafield tag="700" ind1="1" ind2=" ">
   <subfield code="a">Fabiano, Luis P.</subfield>
  </datafield>
  <datafield tag="859" ind1=" " ind2=" ">
   <subfield code="a">AR-BbBCA</subfield>
   <subfield code="b">BIB. AGRONOMIA</subfield>
   <subfield code="h">553.7809145</subfield>
   <subfield code="i">Z35</subfield>
   <subfield code="p">1996/2660</subfield>
  </datafield>
 </record>
</collection>
